Govt. of
Madhya Pradesh

Essays by Sainte Beuve (Record no. 37796)

MARC details
000 -LEADER
fixed length control field 004100000a22001690004500
003 - CONTROL NUMBER IDENTIFIER
control field MACL
005 - DATE AND TIME OF LATEST TRANSACTION
control field 20160107161856.0
008 - FIXED-LENGTH DATA ELEMENTS--GENERAL INFORMATION
fixed length control field 160107b xxu||||| |||| 00| 0 eng d
040 ## - CATALOGING SOURCE
Original cataloging agency MACL
Transcribing agency MACL
041 ## - LANGUAGE CODE
Language code of text/sound track or separate title English
082 ## - DEWEY DECIMAL CLASSIFICATION NUMBER
Classification number 824/LEE
100 ## - MAIN ENTRY--PERSONAL NAME
Personal name Lee, Elizabeth
9 (RLIN) 27481
245 ## - TITLE STATEMENT
Title Essays by Sainte Beuve
260 ## - PUBLICATION, DISTRIBUTION, ETC. (IMPRINT)
Name of publisher, distributor, etc. Walter Scott Ltd
Place of publication, distribution, etc. London
650 ## - SUBJECT ADDED ENTRY--TOPICAL TERM
Topical term or geographic name as entry element Essays
9 (RLIN) 29356
942 ## - ADDED ENTRY ELEMENTS (KOHA)
Koha item type Books
Call number prefix 824/LEE
Source of classification or shelving scheme
Holdings
Withdrawn status Lost status Source of classification or shelving scheme Damaged status Not for loan Home library Current library Date acquired Total Checkouts Full call number Barcode Date last seen Uniform Resource Identifier Price effective from Koha item type
          MACL MACL 15/04/2015   824/LEE CLE012057 29/04/2015 38010 15/04/2015 Books